LEADER 00820nam0-22003011i-450- 001 990006763890403321 005 20001010 035 $a000676389 035 $aFED01000676389 035 $a(Aleph)000676389FED01 035 $a000676389 100 $a20001010d--------km-y0itay50------ba 101 0 $aita 105 $ay-------001yy 200 1 $aPensare dopo Auschwitz$eetica filosofica e teodicea ebraica$fSilvia Benso 210 $aNapoli$cEsi$d1992. 215 $a260 p.$d22 cm 225 1 $aFilosofia e citta. Monografie$v2 676 $a214 700 1$aBenso,$bSilvia$0143426 801 0$aIT$bUNINA$gRICA$2UNIMARC 901 $aBK 912 $a990006763890403321 952 $aCOLLEZ. 1620 (2)$b19939$fFSPBC 959 $aFSPBC 996 $aPensare dopo Auschwitz$9509691 997 $aUNINA DB $aGEN01 LEADER 00996nam a22002531i 4500 001 991002315349707536 005 20040303133504.0 008 040407s1985 ne |||||||||||||||||eng 035 $ab12903978-39ule_inst 035 $aARCHE-088359$9ExL 040 $aDip.to Filologia Class. e Scienze Filosofiche$bita$cA.t.i. Arché s.c.r.l. Pandora Sicilia s.r.l. 082 04$a870 100 1 $aMcGushin, Patrick$0206332 245 14$aThe transmission of the Punica of Silius Italicus /$cby Patrick McGushin 260 $aAmsterdam :$bHakkert,$c1985 300 $a165 p. ;$c23 cm 650 4$aSilio Italico 700 1 $aSilius Italicus, Gaius 907 $a.b12903978$b29-03-17$c16-04-04 912 $a991002315349707536 945 $aLE007 870.1 Silius Italicus MCG 02.501$g1$i2015000075758$lle007$o-$pE0.00$q-$rl$s- $t0$u0$v0$w0$x0$y.i13469988$z16-04-04 996 $aTransmission of the Punica of Silius Italicus$9305939 997 $aUNISALENTO 998 $ale007$b16-04-04$cm$da $e-$feng$gne $h4$i1